Mad Men Characters Quiz Stats

 Plays Quiz Updated Sep 14, 2013

Challenge
Share
Tweet
Score 0/40 Timer 08:00
1 Play Today
Number % Correct
1.Don Draper
98.9%
5.Betty Draper
92.5%
2.Peggy Olson
92.2%
6.Roger Sterling
90.5%
3.Pete Campbell
89.3%
4.Joan Harris
87.5%
9.Salvatore Romano
85.3%
7.Bertram Cooper
85.2%
15.Sally Draper
80.2%
14.Lane Pryce
72.7%
13.Herman 'Duck' Phillips
70.8%
16.Bobby Draper
69.1%
11.Ken Cosgrove
66.9%
8.Harry Crane
66.9%
29Megan
61.7%
46.Gertrude 'Trudy' Campbell
56.9%
45.Henry Francis
52.6%
10.Paul Kinsey
49.8%
34.Jane Siegel
48.9%
40.Conrad Hilton
48.3%
Number % Correct
17.Eugene Hofstadt
46.1%
12.Fred Rumsen
45.2%
21.Glen Bishop
44%
23.Rachel Menken
41.3%
28.Anna Draper
37.9%
18.Carla
37.8%
42.Mona Sterling
32.4%
33.Ida Blankenship
30.1%
27.Dr. Faye Miller
29.8%
22.Midge Daniels
28.2%
47.Dr. Greg Harris
27.7%
20.Helen Bishop
26.7%
24.Bobbie Barrett
26.3%
41.Margaret Sterling
25.4%
48.Father John Gill
25.4%
19.Francine Hanson
23.6%
32.Allison
21%
39.Lee Garner Jr.
19.1%
30.Lois Sadler
16.4%
35.'Smitty' Smith
14.4%

You're not logged in!

Compare scores with friends on all Sporcle quizzes.
OR
Log In

You Might Also Like...

Show Comments

Extras

Top Quizzes Today


Score Distribution

Your Account Isn't Verified!

In order to create a playlist on Sporcle, you need to verify the email address you used during registration. Go to your Sporcle Settings to finish the process.

Report this User

Report this user for behavior that violates our Community Guidelines.

Details: